Mirror image.

Saved in:
Bibliographic Details
Main Author: Prior, Ann
Format: Book
Language:English
Published: London, Chatto & Windus, 1969.
LEADER 00741nam a2200229 4500
001 c000073631
003 CARM
005 00000000000000.0
008 690616s1969 enk 00001 eng
015 |a B69-05240 
019 1 |a 224032  |5 LACONCORD2021 
020 |a 701114053 
035 |a (OCoLC)18878  |5 LACONCORD2021 
050 0 0 |a PZ4.P957  |b Mi  |a PR6066.R58 
100 1 |a Prior, Ann. 
245 1 |a Mirror image. 
260 |a London,  |b Chatto & Windus,  |c 1969. 
300 |a v, 215 p.  |c 21 cm. 
852 8 |b CARM  |h A2:AH33G0  |i A01652  |p 0129604  |f BK 
082 0 4 |a 823 
999 f f |i 4c0930ff-6680-5e16-b04e-a8ed58fa19da  |s f27fe9c7-f851-5206-a423-afee08814253 
952 f f |p Can circulate  |a CAVAL  |b CAVAL  |c CAVAL  |d CARM 1 Store  |e A01652  |f A2:AH33G0  |h Other scheme  |i book  |m 0129604